Culture Générale #13 - Statistiques

Statistiques générales
  • Ce quiz a été pris 194 fois
    73 depuis la dernière actualisation
  • Le résultat moyen est 11 sur 20
Statistiques - réponses
Questions Réponses % Correct
Combien d'étoiles comporte le drapeau américain ? 50
97%
Comment est caractérisée une espèce qui mange de la viande et des végétaux ? Omnivore
76%
Quel est le pays d'origine de la chanteuse Kylie Minogue ? Australie
71%
Dans quelle ville John Fitzgerald Kennedy a-t-il été assassiné en 1963 ? Dallas
71%
Quelle ville italienne est aussi nommée “cité des Doges” ? Venise
69%
Quel objet de la maison désigne-t-on par le mot tancarville ? un Étendoir
67%
Quel carbone radioactif est utilisé pour déterminer l'âge des fossiles ? Carbone 14
62%
Quel homme d’affaires a pris la tête du club de foot de l’Olympique lyonnais en 1987 ? Jean-Michel Aulas
57%
Quel est le nom de la troisième caravelle de Christophe Colomb avec la Niña et la Pinta ? la Santa Maria
55%
Quelle maladie mortelle se caractérise par une prolifération cellulaire incontrôlée et anarchique ? le Cancer
53%
Combien de secondes constituent une journée ? 86 400
52%
Que tient la Statue de la Liberté dans sa main droite ? un Flambeau
50%
Qui est l'auteur de "La Critique de la Raison pure" ? Emmanuel Kant
43%
Quel célèbre journal Jean Jaurès a-t-il créé ? l'Humanité
43%
Quel est le nom de "L'Avare" dans la pièce de Molière ? Harpagon
40%
Qui a écrit les paroles de la chanson de Johnny Hallyday “Allumer le feu” ? Zazie
40%
À quel dramaturge doit-on la tragédie “Horace” ? Pierre Corneille
38%
Quelle fable de La Fontaine possède la phrase "On a souvent besoin d'un plus petit que soi" ? le Lion et le Rat
36%
Quel terme, est utilisé pour désigner la période de la mise en place d’un gouvernement révolutionnaire en France, entre 1793 et 1794 ? la Terreur
33%
Qui est le réalisateur du film "The Eternal Sunshine of the Spotless Mind" ? Michel Gondry
16%
Aucun quiz correspondant
Distribution des résultats
% des personnes avec chaque résultat
Percentile par nombre de réponses
Votre historique - résultats
Vous n’avez pas pris ce quiz depuis la dernière actualisation